MARC

Tag First Indicator Second Indicator Subfields
LEADER 00000cas a2200000 a 4500
001 in00002531726
005 20220106090832.0
006 m o d f
007 cr |||||||||||
008 091124c19uu9999dcu x o f0 a0eng c
010 |a  2009231657 
019 |a 904471087 
022 0 |a 2152-5579  |l 2152-5579  |2 1 
035 |a (OCoLC)ocn469072766 
042 |a pcc  |a nsdp 
043 |a n-us--- 
040 |a GPO  |b eng  |c GPO  |d GPO  |d DLC  |d OCLCQ  |d GPO  |d OCLCQ  |d OCLCF  |d OCLCO  |d OCLCQ  |d GILDS  |d OCLCO  |d GPO  |d MvI 
049 |a WWW 
050 1 4 |a ISSN RECORD 
074 |a 1008-G (online) 
074 |a 1008-G (online) 
082 1 0 |a 338  |2 14 
086 0 |a Y 1.1/5: 
110 1 |a United States.  |b Congress.  |b Senate.  |b Committee on Appropriations. 
222 0 |a Revised allocation to subcommittees of budget totals from the concurrent resolution for fiscal year ...  |b (Online) 
245 1 0 |a Revised allocation to subcommittees of budget totals from the concurrent resolution for fiscal year ... :  |b submitted pursuant to section 302(e) of the Congressional Budget Act of 1974, as amended /  |c by the Committee on Appropriations, U.S. Senate. 
246 1 |i Some issues have title:  |a Revised allocation to subcommittees of budget totals from the concurrent resolution, fiscal year ...  
260 |3 <-2010> ;  |a Washington :  |b U.S. G.P.O. 
260 3 |3 <2016-> ;  |a [Washington] :  |b [U.S. Government Publishing Office] 
300 |a 1 online resource (volumes). 
310 |a Irregular 
336 |a text  |b txt  |2 rdacontent 
337 |a computer  |b c  |2 rdamedia 
338 |a online resource  |b cr  |2 rdacarrier 
490 1 |a Report / Senate 
500 |a Some issues lack title page and subtitle. 
500 |a May revise other Revised reports from the same fiscal year. 
500 |a May be updated by further revisions. 
588 |a Description based on: 2006; title from PDF title page (viewed Nov. 23, 2009). 
588 |a Latest issue consulted: 2016 (govinfo, viewed Nov. 27, 2019). 
515 |a May not be issued for every fiscal year. 
515 |a Multiple volumes issued for some fiscal years. 
610 1 0 |a United States.  |b Congress.  |b Senate  |x Committees  |x Appropriations and expenditures  |v Periodicals. 
650 0 |a Budget  |z United States  |v Periodicals. 
651 0 |a United States  |x Appropriations and expenditures  |v Periodicals. 
610 1 7 |a United States.  |b Congress.  |b Senate.  |2 fast  |0 (OCoLC)fst00530422 
650 7 |a Budget.  |2 fast  |0 (OCoLC)fst00840336 
650 7 |a Committees  |x Appropriations and expenditures.  |2 fast  |0 (OCoLC)fst01352519 
650 7 |a Expenditures, Public.  |2 fast  |0 (OCoLC)fst00918345 
651 7 |a United States.  |2 fast  |0 (OCoLC)fst01204155 
655 7 |a Periodicals.  |2 fast  |0 (OCoLC)fst01411641 
655 7 |a Legislative materials.  |2 lcgft 
710 1 |a United States.  |b Congress.  |b House. 
776 0 8 |i Print version:  |a United States. Congress. Senate. Committee on Appropriations.  |t Revised allocation to subcommittees of budget totals from the concurrent resolution for fiscal year ...  |w (DLC)sn 91023453  |w (OCoLC)24293029 
776 0 8 |i Microfiche version:  |t Revised allocation to subcommittees of budget totals from the concurrent resolution for fiscal year ...  |w (DLC) 2009230024  |w (OCoLC)27330568 
787 0 8 |i Revision of:  |a United States. Congress. Senate. Committee on Appropriations.  |t Allocation to subcommittees of budget totals from the concurrent resolution for fiscal year ...  |w (DLC) 2009231656  |w (OCoLC)467286476 
787 0 8 |i Revised as:  |a United States. Congress. Senate. Committee on Appropriations.  |t Further revised allocation to subcommittees of budget totals from the concurrent resolution for fiscal year ...  |x 2157-5967  |w (DLC) 2009230692  |w (OCoLC)317318035 
787 0 |a United States. Congress. Senate. Committee on Appropriations.  |t Allocation to subcommittees of budget totals for fiscal year ...  |w (DLC) 2019230874  |w (OCoLC)1129015290 
787 0 |a United States. Congress. Senate. Committee on Appropriations.  |t Revised allocation to subcommittees of budget totals for fiscal year ...  |w (DLC) 2019230875  |w (OCoLC)1129015452 
787 0 |a United States. Congress. Senate. Committee on Appropriations.  |t Further revised allocation to subcommittees of budget totals for fiscal year ...  |w (DLC) 2019230876  |w (OCoLC)1030585253 
810 1 |a United States.  |b Congress.  |b Senate.  |t Report. 
856 4 0 |u https://purl.fdlp.gov/GPO/LPS112173  |t 0 
856 4 0 |z Choose congress(es) for desired issues, select senate reports, specify maximum no. of records to be returned, enter title information in the space provided and click submit  |u https://purl.fdlp.gov/GPO/LPS112173  |t 0 
856 4 0 |z Choose congress(es) for desired issues, select senate reports, specify maximum no. of records to be returned, enter title information in the space provided and click submit  |u https://purl.fdlp.gov/GPO/LPS702  |t 0 
999 f f |s be5806b0-4d4c-3319-820b-b2383f3d2c6c  |i b368c4f1-f2ae-397e-b888-50b1687282d0  |t 0 
952 f f |a Texas A&M University  |b College Station  |c Electronic Resources  |d Available Online  |t 0  |e Y 1.1/5:  |h Superintendent of Documents classification 
998 f f |a Y 1.1/5:  |t 0  |l Available Online